Sins of the mother (Record no. 324286)

000 -LEADER
fixed length control field 00308 a2200133 4500
001 - CONTROL NUMBER
control field 89213
082 ## - DEWEY DECIMAL CLASSIFICATION NUMBER
Classification number 813.54 STE
090 ## - LOCALLY ASSIGNED LC-TYPE CALL NUMBER (OCLC); LOCAL CALL NUMBER (RLIN)
-- 42164
-- 42164
100 ## - MAIN ENTRY--PERSONAL NAME
Personal name Steel, Danielle
245 ## - TITLE STATEMENT
Title Sins of the mother
260 ## - PUBLICATION, DISTRIBUTION, ETC.
Place of publication, distribution, etc. London
Name of publisher, distributor, etc. Bantam Press
Date of publication, distribution, etc. 2012
300 ## - PHYSICAL DESCRIPTION
Extent 354 p.
740 ## - ADDED ENTRY--UNCONTROLLED RELATED/ANALYTICAL TITLE
Uncontrolled related/analytical title english novel;fiction
942 ## - ADDED ENTRY ELEMENTS (KOHA)
Institution code [OBSOLETE] CAE NUST
Call number prefix 813.54 STE
Holdings
Withdrawn status Lost status Damaged status Not for loan Collection code Permanent Location Current Location Date acquired Total Checkouts Full call number Barcode Date last seen Price effective from Koha item type
          College of Aeronautical Engineering (CAE) College of Aeronautical Engineering (CAE) 04/03/2017   813.54 STE CAE86105 04/05/2017 04/05/2017 Book
© 2023 Central Library, National University of Sciences and Technology. All Rights Reserved.